The History of European Photography III. 1970-2000. I-U /

Gespeichert in:
Bibliographische Detailangaben
Hauptverfasser: Paci, Zef (Verfasst von), Moser, Walter (Verfasst von), Reut, Inna (Verfasst von)
Weitere Verfasser: Macek, Václav (Herausgegeben von), Hills, Claudio (Rezension), Hirsh, Andreas (Rezension), Lehtonen, Kimmo (Rezension), Koetzle, Hans-Michael (Rezension)
Format: Buch
Sprache:Englisch
Veröffentlicht: Bratislava : Stredoeurópsky dom fotografie, 2016
Ausgabe:1. vydanie
Schlagworte:
Online-Zugang:http://www.historyofphotography.eu/
Tags: Tag hinzufügen
Keine Tags, Fügen Sie das erste Tag hinzu!

MARC

LEADER 00000nam a22000003a 4500
001 0107625
003 SK-STU
005 20240112134329.0
007 ta
008 240112s ----xo-----e------000-0-----d
020 |a 978-80-85739-70-1 
040 |a STU  |b slo 
041 0 |a eng 
044 |a xo 
100 1 |a Macek, Václav  |4 edt 
245 1 0 |a The History of European Photography III. 1970-2000. I-U /  |c ed. Václav Macek, Zef Paci, Walter Moser, Inna Reut ; rec. Claudio Hills, Andreas Hirsh, Kimmo Lehtonen, Hans-Michael Koetzle 
250 |a 1. vydanie 
260 |a Bratislava :  |b Stredoeurópsky dom fotografie,  |c 2016 
300 |a 379 s. + 41 s. príl. ;  |b 2 zväzky 
650 0 7 |a fotografia 
650 0 7 |a Európa 
650 0 7 |a Slovensko 
650 0 7 |a fotografi 
650 0 7 |a umelecká fotografia 
650 0 7 |a dejiny umenia 
700 1 |a Paci, Zef  |4 aut 
700 1 |a Moser, Walter  |4 aut 
700 1 |a Reut, Inna  |4 aut 
700 1 |a Hills, Claudio  |4 rev 
700 1 |a Hirsh, Andreas  |4 rev 
700 1 |a Lehtonen, Kimmo  |4 rev 
700 1 |a Koetzle, Hans-Michael  |4 rev 
856 4 0 |u http://www.historyofphotography.eu/ 
996 |b 284AU09890  |c A* 13259/U  |l AAKNST  |s P  |a 0  |w 0107625_0001